Largest Cities/Towns in Oceania Beginning With 'K' - Statistics

General Stats
  • This quiz has been taken 35 times
  • The average score is 3 of 8
Answer Stats
# Population Country Answer % Correct
3 33,024 United States Kailua-Holualoa
52%
1 118,092 United States Kailua-Kaneohe
52%
2 57,905 United States Kahului-Wailuku
43%
4 30,425 Australia Kalgoorlie-Boulder
38%
7 18,212 United States Kapaa
29%
6 22,923 Papua New Guinea Kimbe
19%
8 17,013 Australia Karratha
14%
5 26,878 United States Kihei
10%
No matching quizzes found
Score Distribution
Percent of People with Each Score
Percentile by Number Answered
Your Score History
You have not taken this quiz